| 000 | 00574nam a22002177a 4500 | ||
|---|---|---|---|
| 003 | OSt | ||
| 005 | 20140310182806.0 | ||
| 008 | 130214t xxu||||| |||| 00| 0 eng d | ||
| 020 | _a9781405191272 | ||
| 050 |
_aP 120 _b.C652 2011 |
||
| 082 |
_aM 306.44 _bL338 2010 |
||
| 245 |
_aLanguage and gender _ba reader _cCoates, Jennifer |
||
| 250 | _a2nd ed. | ||
| 260 |
_aMalden, MA _bWiley-Blackwell _cc2011 |
||
| 300 |
_axvii, 615 p. : ill. _c25 cm. |
||
| 521 | _acollege students | ||
| 526 | _c1210L-1700L | ||
| 541 | _j1 | ||
| 562 | _e1 | ||
| 942 |
_2lcc _cBK _kM |
||
| 999 |
_c16081 _d16081 |
||